Harry Potter Chapter Threesomes Quiz Stats

 Plays Quiz Updated Mar 12, 2019

Score 0/18 Timer 05:00
1 Play Today
% Correct
Dudley
95.1%
Vernon
92.3%
Petunia
92.2%
Scabbers
88.7%
Elder Wand
86.9%
Crucio
85.9%
Invisibility Cloak
85.9%
Sirius Black
83.7%
Avada Kedavra
82.5%
% Correct
Crookshanks
81.9%
Imperio
78.4%
Resurrection Stone
78%
Marvolo
68.4%
Merope
59.1%
Morfin
43.4%
Ignotus
42.9%
Cadmus
31.6%
Antioch
27.3%

You're not logged in!

Compare scores with friends on all Sporcle quizzes.
OR
Log In

Sporcle TV

Today on Sporcle TV


Watch our educational content, quiz creation guides, and fun videos on Sporcle TV.

Show Comments

Extras

Top Quizzes Today


Score Distribution

Your Account Isn't Verified!

In order to create a playlist on Sporcle, you need to verify the email address you used during registration. Go to your Sporcle Settings to finish the process.

Report this User

Report this user for behavior that violates our Community Guidelines.

Details: